LEADER 01410nam a2200313 u 4500 001 000000051051 003 CaOOAMICUS 005 20070226115307.0 008 000907r19381964gw u000 u ger u 035 $a10854825 040 $aPUL(R)$bita 100 1 $aLinden, Peter,$d1895-$0(OLS)http://pul/name/14549 245 14$aDer Tod des Benefiziaten in Rom :$beine Studie zu Geschichte und Recht der päpstlichen Reservationen /$cvon Dr. theol. Peter Linden. 260 $aAmsterdam :$bBRG,$c1964. 300 $axvi, 284 p. ;$c24 cm 490 1 $aKanonistische Studien und Texte ;$v14 500 $aNachdruck vom Verlag P. Schippers N.V., Amsterdam. 500 $aComprende indici. 504 $a"Schriftum": p. [x]-xvi. 650 4$aDiritto concordatario.$0(OLS)http://pul/subject/2274 650 4$aChiesa$xStoria.$0(OLS)http://pul/subject/128 830 0$aKanonistische Studien und Texte ;$v14.$0(OLS)http://pul/title/5780 850 $aPUL 852 $aPUL$W1$xDP1 Fondo Maccarrone$y58$m1523 E 24$j67665$nBK-PRI$b $qFondi$B67665$CPULBib$Z2$F67665 $H $81 941 1 $a1 960 $aStoria della chiesa$9128 960 $aStoria ecclesiastica$9128 996 $6245$aDer Tod des Benefiziaten in Rom :$beine Studie zu Geschichte und Recht der päpstlichen Reservationen$9(OLS)http://pul/title/26299 996 $6260$aAmsterdam :$bBRG$9(OLS)http://pul/publisher/67893 LEADER 01333nam a2200277 a 4500 001 000000140957 003 CaOOAMICUS 005 20141215150629.0 008 141215s1988 it abf u000 u ita r 040 $aPUL$bita 041 0 $aita$alat 100 1 $aRigon, Antonio.$0(OLS)http://pul/name/13888 245 10$aClero e cittā :$b"fratalea cappellanorum", parroci, cura d'anime in Padova dal XII al XV secolo /$cAntonio Rigon. 260 $aPadova :$bIstituto per la storia ecclesiastica padovana,$c1988. 300 $a371 p., [2] p. di tav. :$bc. geogr., ill. ;$c26 cm 490 1 $aFonti e ricerche di storia ecclesiastica padovana ;$v22 504 $aBibliografia in nota. 546 $aTesti in latino. 650 4$aCongregazioni religiose$zItalia$xFonti.$0(OLS)http://pul/subject/27085 830 0$aFonti e ricerche di storia ecclesiastica padovana ;$v22.$0(OLS)http://pul/title/11901 850 $aPUL 852 $aPUL$W1$xDP1 Fondo Capitani$y116$m3 A 51$j115695$qFondi$B162363$CPULBib$Z2$F162363 $HCap1031 $82 941 1 $a1 996 $6245$aClero e cittā :$b"fratalea cappellanorum", parroci, cura d'anime in Padova dal XII al XV secolo$9(OLS)http://pul/title/178350 996 $6260$aPadova :$bIstituto per la storia ecclesiastica padovana$9(OLS)http://pul/publisher/54412